Egyetemi reform az egyetemi szelekció reformja /

Elmentve itt :
Bibliográfiai részletek
Szerző: Ereky István
Dokumentumtípus: Cikk
Megjelent: 1937
Sorozat:Acta Litterarum ac Scientiarum Regiae Universitatis Hungaricae Francisco-Josephinae : sectio juridico-politica 9 No. 2
Kulcsszavak:Jogtudomány
Online Access:http://acta.bibl.u-szeged.hu/6222
LEADER 00687nab a2200181 i 4500
001 acta6222
005 20210525133436.0
008 161015s1937 hu o 0|| hun d
022 |a 0324-5616 
040 |a SZTE Egyetemi Kiadványok Repozitórium  |b hun 
041 |a hun 
100 1 |a Ereky István 
245 1 0 |a Egyetemi reform   |h [elektronikus dokumentum] :  |b az egyetemi szelekció reformja /  |c  Ereky István 
260 |c 1937 
300 |a 25-237 
490 0 |a Acta Litterarum ac Scientiarum Regiae Universitatis Hungaricae Francisco-Josephinae : sectio juridico-politica  |v 9 No. 2 
695 |a Jogtudomány 
856 4 0 |u http://acta.bibl.u-szeged.hu/6222/1/juridpol_009_000-237.pdf  |z Dokumentum-elérés